| Tag |
First Indicator |
Second Indicator |
Subfields |
| LEADER |
00000cam a2200000 a 4500 |
| 001 |
in00004460607 |
| 005 |
20191202121444.0 |
| 008 |
840823s1983 enka b 101 0 eng d |
| 010 |
|
|
|a gb 83028097
|
| 015 |
|
|
|a GB83-28097
|
| 019 |
|
|
|a 10164335
|a 10195985
|a 13469846
|a 14033459
|a 15385656
|
| 020 |
|
|
|a 0272797324
|
| 035 |
|
|
|a (OCoLC)11112724
|
| 035 |
|
|
|9 AAB7531MS
|
| 035 |
|
|
|z (UtOrBLW)6266
|
| 035 |
|
|
|a 9788
|
| 040 |
|
|
|a NLM
|c NLM
|d OCL
|d TXA
|d m/c
|d NJR
|d UKM
|d RBN
|d UPM
|d TMV
|d UtOrBLW
|
| 049 |
|
|
|a TMVM
|c 1
|
| 050 |
1 |
0 |
|a QP102
|
| 060 |
0 |
0 |
|a W3
|b C161F v.100 1983
|a [WG 101 D489 1983]
|
| 060 |
|
4 |
|a WG 101
|b D489 1983
|
| 069 |
0 |
|
|a 8409592
|
| 082 |
0 |
|
|a 612/.1
|2 19
|
| 245 |
0 |
0 |
|a Development of the vascular system /
|c [editors, Jonathan Nugent and Maeve O'Connor].
|
| 264 |
|
1 |
|a London :
|b Pitman,
|c 1983.
|
| 264 |
|
2 |
|a Newark, NJ :
|b Distributed in North America by CIBA Pharmaceutical Co., Medical Education Division.
|
| 300 |
|
|
|a ix, 254 pages :
|b illustrations ;
|c 24 cm.
|
| 336 |
|
|
|a text
|2 rdacontent
|b txt
|
| 337 |
|
|
|a unmediated
|2 rdamedia
|
| 338 |
|
|
|a volume
|2 rdacarrier
|b nc
|
| 490 |
1 |
|
|a Ciba Foundation symposium ;
|v 100
|
| 500 |
|
|
|a "Symposium on Development of the Vascular System, held at the Ciba Foundation, London, 11-13 January 1983"--P. v.
|
| 504 |
|
|
|a Includes bibliographical references and indexes.
|
| 505 |
2 |
|
|a Control of early embryonic heart morphogensis: a hypothesis -- Vascularization of experimental tumours -- Role of mast cells in experimental tumour angiogenesis
|
| 650 |
|
2 |
|a Cardiovascular System
|x embryology
|v Congresses.
|
| 650 |
|
2 |
|a Cardiovascular System
|x growth & development
|v Congresses.
|
| 650 |
|
2 |
|a Morphogenesis
|v Congresses.
|
| 700 |
1 |
|
|a O'Connor, Maeve.
|
| 700 |
1 |
|
|a Nugent, Jonathan.
|
| 710 |
2 |
|
|a Ciba Foundation.
|
| 711 |
2 |
|
|a Symposium on Development of the Vascular System
|d (1983 :
|c Ciba Foundation)
|
| 830 |
|
0 |
|a Ciba Foundation symposium ;
|v 100.
|
| 948 |
|
|
|a Keep per EC, 2003 evaluation; retention reasons in 505, 520, 599, or 650 fields; 04/22/2004, tc.
|
| 999 |
|
|
|a MARS
|
| 999 |
f |
f |
|s 784f3422-7d3a-377c-a8b6-5f5c898cfd94
|i b5911dff-baf9-3472-81fc-fa7a98c1c6f9
|t 0
|
| 952 |
f |
f |
|p ric
|a Texas A&M University
|b Rellis Campus
|c Joint Library Facility
|d Remote Storage
|t 0
|e WG 101 D489 1983
|h National Library of Medicine classification
|i unmediated -- volume
|m 3238900451664
|
| 998 |
f |
f |
|a WG 101 D489 1983
|t 0
|l Remote Storage
|